[Event "Edmonton-ch"]
[Site "Edmonton"]
[Date "2012.01.14"]
[Round "1.2"]
[White "Wang, Richard"]
[Black "De Guzman, Jeff Anthony"]
[Result "1-0"]
[WhiteElo "2240"]
[BlackElo "1992"]
[PlyCount "73"]
[EventDate "2012.01.05"]
[EventType "k.o."]
[EventRounds "4"]
[EventCountry "CAN"]
[SourceTitle "EXT 2019"]
[Source "ChessBase"]
[SourceDate "2018.10.10"]
[SourceVersion "1"]
[SourceVersionDate "2018.10.10"]
[SourceQuality "1"]

1. d4 Nf6 2. Nf3 d5 3. e3 c5 4. c4 cxd4 5. exd4 Nc6 6. h3 g6 7. Nc3 Bg7 8. c5 0-0 9. Bb5 Bf5 10. 0-0 Ne4 11. Qa4 Nxc3 12. bxc3 Be4 13. Nd2 e5 14. Nxe4 dxe4 15. dxe5 Nxe5 16. Be3 a6 17. Be2 f5 18. g3 g5 19. Bd4 Qe7 20. Rab1 Rad8 21. Qb3+ Kh8 22. Qxb7 Rd7 23. Qb6 Rf6 24. Qa5 Rf8 25. Rb6 f4 26. c6 f3 27. Bxa6 Rxd4 28. cxd4 Qe6 29. Re1 Qxh3 30. Bf1 Qg4 31. dxe5 h5 32. Qb4 Rf4 33. Rb8+ Kh7 34. Rxe4 Rxe4 35. Bd3 Bxe5 36. Qxe4+ Qxe4 37. Bxe4+ 1-0